Famous Walls - Statistics

General Stats
  • This quiz has been taken 27 times
  • The average score is 3 of 12
Answer Stats
Picture Answer % Correct
Great Wall of China
67%
Western Wall
63%
Berlin Wall
48%
Hadrian's Wall
41%
Green Monster
11%
Lennon Wall
11%
Pink Floyd
11%
Walls of Babylon
11%
Vietnam Wall
7%
Roman Walls of Lugo
4%
Walls of Ston
0%
Walls of Troy
0%
No matching quizzes found
Score Distribution
Percent of People with Each Score
Percentile by Number Answered
Your Score History
You have not taken this quiz